| 000 | 01836cam a22002054a 4500 | ||
|---|---|---|---|
| 005 | 20250605164230.0 | ||
| 008 | 250528s ||||||||||||||||||||||||d | ||
| 035 | _a20924 | ||
| 020 | _a9789603758594 | ||
| 040 |
_aGR-AtMCL _bgre _dGR-AtMCL _eAACR2 |
||
| 245 | 1 | _aΤαυτότητες, Ομάδες και Κοινωνικά Ζητήματα | |
| 250 | _a1η | ||
| 260 |
_bΜεταίχμιο, _c2005 |
||
| 300 | _a512 | ||
| 520 | _aΤο βιβλίο αυτό προσφέρει μία έγκυρη επισκόπηση της κοινωνικό-ψυχολογικής έρευνας των ομάδων, επισκόπηση της κοινωνικό-ψυχολογικής έρευνας των ομάδων, της ανάπτυξης της κοινωνικής ταυτότητας, των διομαδικών σχέσεων και των διεργασιών νοηματοδότησης της κοινωνικής ζωής. Πρόλογος, Εισαγωγή, Θεματικές Πειραματικής Έρευνας για τις Ομάδες από τη Δεκαετία του 1930 εώς τη Δεκαετία του 1990, Μία Ψυχοδυναμική Οπτική για τις Ομαδικές Διεργασίες, Στάσεις και Κοινωνικές Αναπαραστάσεις και η Διά/ του Λόγου Ψυχολογία, Ομαδική Σύγκρουση και η Κοινωνική Ψυχολογία του Ρατσισμού, Άτομα και Θεσμοί: Η Περίπτωση της Εργασίας και της Απασχόλησης, Ιστορίες ζωής/ Κοινωνικές Ιστορίες, Ευρετήριο Ονομάτων και Εννοιών, Ευχαριστίες. | ||
| 700 | 1 |
_aWetherell Margaret _9249 |
|
| 942 | _cBK | ||
| 999 |
_c6001 _d6001 |
||